[Event "XIV ch-Gdansk Int 2012"]
[Site "Gdansk POL"]
[Date "2012.07.22"]
[Round "1.35"]
[White "Walkusz,Mi"]
[Black "Garbowski,Jakub"]
[Result "1-0"]
[WhiteElo "1938"]
[BlackElo "1572"]

1.d4 Nf6 2.c4 g6 3.Nc3 d5 4.cxd5 Nxd5 5.e4 Nxc3 6.bxc3 Bg7 7.Bc4 c5 8.Ne2 O-O
9.O-O Nc6 10.Be3 Na5 11.Bd3 c4 12.Bc2 b6 13.Qd2 Bb7 14.Bh6 Qc7 15.Ng3 Nc6
16.Bxg7 Kxg7 17.f4 Rad8 18.f5 b5 19.Qg5 Kh8 20.f6 exf6 21.Qxf6+ Kg8 22.Qg5 Kh8
23.Qxb5 Ne7 24.Rf2 a6 25.Qg5 Nc6 26.Raf1 Rb8 27.Qf6+ Kg8 28.d5 Ne5 29.d6 Qc5
30.h3 Bc6 31.Kh2 Nd7 32.Qd4 Rb2 33.Bd1 Rxf2 34.Rxf2 Re8 35.Bg4 Qxd4 36.cxd4 Nb6
37.Rb2 Na4 38.Rc2 c3 39.d5 Bb5 40.Be2 Kf8 41.Bxb5 axb5 42.a3 Rb8 43.e5 b4
44.axb4 Rxb4 45.e6 f5 46.Re2 Ke8 47.d7+ Ke7 48.d6+ Kxd6 49.d8=Q+  1-0

[Event "23rd Czech Open A"]
[Site "Pardubice CZE"]
[Date "2012.07.22"]
[Round "3.58"]
[White "Kutynec,V"]
[Black "Pacher,M"]
[Result "1-0"]
[WhiteElo "2262"]
[BlackElo "2437"]

1.d4 Nf6 2.c4 g6 3.Nc3 d5 4.cxd5 Nxd5 5.e4 Nxc3 6.bxc3 Bg7 7.Be3 c5 8.Bb5+ Nd7
9.Ne2 cxd4 10.Bxd4 O-O 11.Bxg7 Kxg7 12.Qd4+ e5 13.Qd5 Qc7 14.f4 Nc5 15.Qxe5+ Qxe5
16.fxe5 Be6 17.Nd4 Nxe4 18.O-O Nxc3 19.Nxe6+ fxe6 20.Bd7 Ne2+ 21.Kh1 Nd4
22.Rfd1 Rf4 23.Rac1 Raf8 24.g3 Re4 25.Rc4 Rf2 26.Rcxd4 Ree2 27.Rh4 g5 28.Rh3 Rxe5
29.a4 Re3 30.Kg1 Ra2 31.Rh5 h6 32.Rf1 Ree2 33.Be8 Rg2+ 34.Kh1 Rgd2 35.Rh3 a6
36.Bf7 Re2 37.Bh5 Re3 38.Kg1 b5 39.axb5 axb5 40.Be8 b4 41.Rf7+ Kg8 42.Rxh6 b3
43.Rg6+ Kh8 44.Rxg5 b2 45.Rf1 Ra1 46.Bg6 Rc3 47.Kg2 Rxf1 48.Kxf1 Rc1+ 49.Kf2 b1=Q
50.Bxb1 Rxb1 51.Kf3 Rb4 52.Rg6 Rb6 53.h4 Kh7 54.h5 Rb5 55.g4 Re5 56.Kf4 Re1
57.Kg5 Re5+ 58.Kf6 Re1 59.Rg7+ Kh8 60.Re7 Rf1+ 61.Kg6 Rf8 62.g5 Rg8+ 63.Kh6 Ra8
64.Rxe6 Kg8 65.g6 Rb8 66.Rf6 Rb7 67.Rf5 Rb1 68.Ra5 Rb8 69.Kg5 Rc8 70.h6 Rb8
71.h7+ Kg7 72.Ra7+ Kh8 73.Kh6  1-0

[Event "23rd Czech Open A"]
[Site "Pardubice CZE"]
[Date "2012.07.22"]
[Round "3.19"]
[White "Stocek,J"]
[Black "Kislik,E"]
[Result "1-0"]
[WhiteElo "2573"]
[BlackElo "2408"]

1.d4 Nf6 2.c4 g6 3.Nc3 d5 4.cxd5 Nxd5 5.e4 Nxc3 6.bxc3 Bg7 7.Bb5+ c6 8.Ba4 O-O
9.Ne2 b5 10.Bb3 a5 11.O-O Nd7 12.Bg5 a4 13.Bc2 Nb6 14.f4 f6 15.Bh4 Be6 16.f5 Bf7
17.fxg6 hxg6 18.Nf4 Nc4 19.Bf2 e5 20.Nd3 Na3 21.Nc5 Nxc2 22.Qxc2 Qe7 23.Rad1 Rad8
24.h3 Bc4 25.Rfe1 Qf7 26.Rd2 Bh6 27.Be3 Qg7 28.Qd1 f5 29.Bxh6 Qxh6 30.Qc2 fxe4
31.Nxe4 exd4 32.Rxd4 Rxd4 33.cxd4 Qh4 34.Nf2 Qxd4 35.Qxg6+ Kh8 36.Qh6+ Kg8
37.Re3 Qf4 38.Qg6+ Kh8 39.Rg3 Qxf2+ 40.Kh2 Qxg3+ 41.Qxg3 Bxa2 42.Qa3 Ra8
43.Qb2+ Kh7 44.Qxa2 a3 45.Qc2+  1-0

[Event "99th ch-GBR 2012"]
[Site "North Shields ENG"]
[Date "2012.07.23"]
[Round "1.8"]
[White "Palliser,R"]
[Black "Mason,D"]
[Result "1/2-1/2"]
[WhiteElo "2482"]
[BlackElo "2244"]

1.d4 Nf6 2.c4 g6 3.Nc3 d5 4.cxd5 Nxd5 5.e4 Nxc3 6.bxc3 Bg7 7.Qa4+ c6 8.Nf3 O-O
9.Bg5 h6 10.Be3 b5 11.Qa3 a5 12.Be2 Ba6 13.Qc1 h5 14.Bh6 b4 15.c4 e6 16.O-O c5
17.d5 exd5 18.Bxg7 Kxg7 19.cxd5 Bxe2 20.Qb2+ Qf6 21.Qxe2 Nd7 22.e5 Qf5 23.Rfe1 Rfe8
24.Rac1 Rac8 25.Qa6 Ra8 26.Qd6 Rad8 27.Qc7 Rc8 28.Qb7 Rb8 29.Qc7 Rbc8 30.Qd6 Rcd8
31.Qc7  1/2-1/2

[Event "ch-AUT 2012"]
[Site "Zwettl AUT"]
[Date "2012.07.24"]
[Round "4.21"]
[White "Kleiser,G"]
[Black "Kropik,M"]
[Result "1/2-1/2"]
[WhiteElo "2269"]
[BlackElo "2129"]

1.d4 Nf6 2.c4 g6 3.Nc3 d5 4.cxd5 Nxd5 5.e4 Nxc3 6.bxc3 Bg7 7.Bc4 O-O 8.Ne2 c5
9.O-O Nc6 10.Be3 Bg4 11.f3 Na5 12.Bd3 cxd4 13.cxd4 Be6 14.Rc1 Bxa2 15.Qa4 Bb3
16.Qb4 b6 17.Rc3 Be6 18.Rfc1 Rc8 19.Ba6 Rxc3 20.Rxc3 Qd6 21.Qxd6 exd6 22.Rc7 d5
23.Rxa7 dxe4 24.fxe4 Bc4 25.e5 Nc6 26.Bxc4 Nxa7 27.e6 fxe6 28.Bxe6+ Kh8 29.d5 Nc8
30.Ng3 Be5 31.Ne4 Kg7 32.h4 h5 33.Ng5 Nd6 34.Bd7 Rb8 35.Bc6 b5 36.Nf3  1/2-1/2

[Event "ch-PHI Grand Final 2012"]
[Site "Boracay PHI"]
[Date "2012.07.25"]
[Round "15.4"]
[White "Pascua,H"]
[Black "Paragua,M"]
[Result "0-1"]
[WhiteElo "2310"]
[BlackElo "2508"]

1.d4 Nf6 2.c4 g6 3.Nc3 d5 4.cxd5 Nxd5 5.e4 Nxc3 6.bxc3 Bg7 7.Qa4+ Nd7 8.Nf3 O-O
9.Be2 c5 10.O-O Qc7 11.Bg5 e6 12.Rfd1 Nf6 13.d5 exd5 14.exd5 Bd7 15.Qh4 Rfe8
16.Bxf6 Bxf6 17.Qxf6 Rxe2 18.d6 Qd8 19.Qf4 Re6 20.Ne5 f6 21.Ng4 Qf8 22.h4 h5
23.Ne3 Kg7 24.Nd5 Qxd6 25.Qxd6 Rxd6 26.Nc7 Rxd1+ 27.Rxd1 Bg4 28.Rb1 Rb8 29.Na6 Bf5
30.Rb2 Rd8 31.Rxb7+ Kh6 32.Nxc5 Rd1+ 33.Kh2 Rd2 34.Rxa7 Rxf2 35.Ra6 Rc2 36.Nb3 Be4
37.Rxf6 Rxg2+ 38.Kh3 Rc2 39.Nd4 Rxc3+ 40.Kh2 Rd3 41.Nb3 Rd1 42.Rf4 Rh1+ 43.Kg3 Bf5
44.Kg2 Rd1 45.Rd4 Rb1 46.Rd2 Be4+ 47.Kg3 Rg1+ 48.Kf4 Bf5 49.Rh2 Re1 50.Nd2 Kg7
51.Nf3 Re4+ 52.Kg3 Kf6 53.Rd2 Rg4+ 54.Kf2 Be4 55.Nh2 Rxh4 56.Kg3 g5 57.Rd4 Rf4  0-1

[Event "Caissa GM July 2012"]
[Site "Kecskemet HUN"]
[Date "2012.07.25"]
[Round "5.1"]
[White "Aczel,G"]
[Black "Groszpeter,A"]
[Result "1/2-1/2"]
[WhiteElo "2433"]
[BlackElo "2481"]

1.d4 Nf6 2.c4 g6 3.Nc3 d5 4.cxd5 Nxd5 5.e4 Nxc3 6.bxc3 Bg7 7.Qa4+ Qd7 8.Qa3 Qd6
9.Nf3 Qxa3 10.Bxa3 b6 11.Bb5+ Bd7 12.Bd3 Ba4 13.h4 Nd7 14.h5 e6 15.Ke2 c5
16.e5 Bc6 17.Rh3 Rc8 18.Bc1 cxd4 19.cxd4 Bd5 20.Ba3 Bf8 21.Rc1 Rxc1 22.Bxc1 Rg8
23.hxg6 hxg6 24.Ng5 f6 25.exf6 Nxf6 26.a4 Bd6 27.f3 Kd7 28.Nh7 Ne8 29.Bb5+ Bc6
30.Bg5 Rg7 31.Nf6+ Nxf6 32.Bxf6 Rf7 33.Be5 Bxb5+ 34.axb5 Bxe5 35.dxe5 Rf5
36.Rh7+ Ke8 37.Kd3 Rxe5 38.Kc4 Rc5+ 39.Kb4 Rc1 40.Rxa7 Rb1+ 41.Kc4 Rc1+ 42.Kb4  1/2-1/2

[Event "23rd Czech Open A"]
[Site "Pardubice CZE"]
[Date "2012.07.25"]
[Round "6.97"]
[White "Baraeva,M"]
[Black "Serban,V"]
[Result "0-1"]
[WhiteElo "2166"]
[BlackElo "2280"]

1.d4 Nf6 2.c4 g6 3.Nc3 d5 4.cxd5 Nxd5 5.e4 Nxc3 6.bxc3 Bg7 7.Bc4 c5 8.Ne2 O-O
9.O-O Nc6 10.Be3 Na5 11.Bd3 b6 12.Rc1 e6 13.Qd2 Bb7 14.f3 cxd4 15.cxd4 Qd7
16.e5 Nc6 17.Be4 Ne7 18.g4 Rac8 19.Nc3 Bd5 20.Bg5 Bc4 21.Rfd1 Nd5 22.Bb1 Nxc3
23.Rxc3 Bd5 24.Rdc1 Qb7 25.Rxc8 Rxc8 26.Rxc8+ Qxc8 27.Be4 Bc4 28.Bf6 Bf8
29.h4 Qd7 30.Kg2 Qa4 31.Bb1 Bd5 32.Kg3 Qa3 33.Qf2 Bb4 34.Qe2 Qc1 35.Be4 Qe1+
36.Qxe1 Bxe1+ 37.Kf4 Bd2+ 38.Kg3 Bxa2 39.Kf2 Bc4 40.Bd8 b5 41.Bc6 b4 42.Ba5 Kf8
43.Be4 Ke7 44.h5 Kd7 45.hxg6 hxg6 46.Kg3 g5 47.Kf2 Bd5 48.Bd3 Kc6 49.Ke2 Bc3
50.Ke3 Ba2 51.Ke4 Bd2 52.Be2 Bb1+ 53.Bd3 Bxd3+ 54.Kxd3 Kb5 55.Kxd2 Kxa5 56.d5 exd5
57.f4 gxf4 58.g5 f3 59.g6 fxg6 60.e6 f2  0-1

[Event "23rd Czech Open A"]
[Site "Pardubice CZE"]
[Date "2012.07.25"]
[Round "6.43"]
[White "Novotny,M1"]
[Black "Obodchuk,A"]
[Result "1/2-1/2"]
[WhiteElo "2284"]
[BlackElo "2399"]

1.d4 Nf6 2.c4 g6 3.Nc3 d5 4.cxd5 Nxd5 5.e4 Nxc3 6.bxc3 Bg7 7.Nf3 O-O 8.Rb1 c5
9.Be2 cxd4 10.cxd4 Qa5+ 11.Qd2 Qxd2+ 12.Bxd2 b6 13.Rc1 Bb7 14.d5 Na6 15.Be3  1/2-1/2

[Event "27th Avoine Open"]
[Site "Avoine FRA"]
[Date "2012.07.26"]
[Round "6.48"]
[White "Duval,Claire"]
[Black "Dutreuil,R"]
[Result "0-1"]
[WhiteElo "1760"]
[BlackElo "2024"]

1.d4 Nf6 2.c4 g6 3.Nc3 d5 4.cxd5 Nxd5 5.e4 Nxc3 6.bxc3 Bg7 7.Nf3 c5 8.Rb1 Nc6
9.Be3 O-O 10.Be2 cxd4 11.cxd4 Qa5+ 12.Qd2 Qxd2+ 13.Kxd2 Rd8 14.d5 e6 15.Rb5 a6
16.Rc5 Bf8 17.Rhc1 Bxc5 18.Rxc5 exd5 19.Bg5 dxe4+ 20.Bxd8 exf3 21.Rxc6 bxc6
22.Bxf3 Bg4 23.Bxg4 Rxd8+ 24.Kc3 Kf8 25.Bf3 Ke7 26.Kb4 Kd6 27.Ka5 Kc5 28.a4 f5
29.h4 Rd4 30.h5 g5 31.Be2 Rd2 32.Bxa6 Rxf2 33.g3 f4 34.gxf4 Rxf4 35.Be2 g4
36.Bd1 g3 37.Ka6 Rxa4+ 38.Bxa4 g2  0-1

[Event "Dutch Open 2012"]
[Site "Dieren NED"]
[Date "2012.07.26"]
[Round "3.9"]
[White "Evengroen,H"]
[Black "Efroimski,M"]
[Result "1-0"]
[WhiteElo "1968"]
[BlackElo "2187"]

1.d4 Nf6 2.c4 g6 3.Nc3 d5 4.cxd5 Nxd5 5.e4 Nxc3 6.bxc3 Bg7 7.Bc4 c5 8.Ne2 O-O
9.O-O e6 10.Ba3 Nd7 11.Bb5 Qa5 12.Qb3 b6 13.Qa4 Qxa4 14.Bxa4 Ba6 15.Bxd7 Rfd8
16.Rfe1 Rxd7 17.dxc5 Bxe2 18.Rxe2 Bxc3 19.Rc1 Rad8 20.g3 Rd1+ 21.Rxd1 Rxd1+
22.Kg2 b5 23.c6 Ba5 24.Rc2 Bc7 25.Be7 Rd4 26.e5 Rc4 27.Rxc4 bxc4 28.Kf3 c3
29.Ke2 Bxe5 30.Bd8 c2 31.Kd2 Kf8 32.c7 Bxc7 33.Bxc7  1-0

[Event "99th ch-GBR 2012"]
[Site "North Shields ENG"]
[Date "2012.07.26"]
[Round "4.21"]
[White "Combie,A"]
[Black "Kolbus,D"]
[Result "0-1"]
[WhiteElo "2039"]
[BlackElo "2321"]

1.d4 Nf6 2.c4 g6 3.Nc3 d5 4.cxd5 Nxd5 5.e4 Nxc3 6.bxc3 Bg7 7.Nf3 O-O 8.Be2 c5
9.O-O Nc6 10.Be3 Qc7 11.Rc1 Rd8 12.d5 b6 13.Qc2 Na5 14.c4 e5 15.Bd3 Nb7 16.Nd2 Nd6
17.f4 Bh6 18.Rce1 exf4 19.Bf2 f6 20.e5 fxe5 21.Rxe5 Nf5 22.d6 Qxd6 23.Rd5 Qf8
24.Rxd8 Qxd8 25.Be4 Rb8 26.Bd5+ Kh8 27.Nf3 Bb7 28.Rd1 Qf6 29.Qe4 Rd8 30.Ne5 Bxd5
31.Rxd5 Re8 32.Be1 Bg7 33.Bc3 Nd4 34.Bxd4 cxd4 35.Qxd4 Qe6 36.Qxf4 Bxe5 37.Qf1 Bd4+
38.Rxd4 Qe3+ 39.Qf2 Qc1+ 40.Qf1 Re1 41.Rd8+ Kg7 42.Rd7+ Kh6 43.Rf7 Rxf1+
44.Rxf1 Qxc4  0-1

[Event "23rd Czech Open A"]
[Site "Pardubice CZE"]
[Date "2012.07.26"]
[Round "7.46"]
[White "Jorczik,J"]
[Black "Novotny,M1"]
[Result "1-0"]
[WhiteElo "2399"]
[BlackElo "2284"]

1.d4 Nf6 2.c4 g6 3.Nc3 d5 4.cxd5 Nxd5 5.e4 Nxc3 6.bxc3 Bg7 7.Bc4 c5 8.Ne2 O-O
9.Be3 Nc6 10.O-O Bd7 11.Rb1 Qc7 12.Bd3 cxd4 13.cxd4 e6 14.Qd2 Rad8 15.Bg5 f6
16.Bf4 e5 17.Bg3 Qa5 18.Qc2 b6 19.Qc4+ Kh8 20.d5 Nb8 21.f4 Rc8 22.Qb4 Qxb4
23.Rxb4 Bg4 24.fxe5 fxe5 25.Rxf8+ Rxf8 26.h3 Bxe2 27.Bxe2 Nd7 28.a4 Rc8 29.Bg4 Rc1+
30.Kh2 Nf6 31.a5 h5 32.axb6 axb6 33.Be6 b5 34.Bh4 Rc4 35.Rxc4 bxc4 36.d6  1-0

[Event "XIV ch-Gdansk Int 2012"]
[Site "Gdansk POL"]
[Date "2012.07.27"]
[Round "7.15"]
[White "Bobryk,Konrad"]
[Black "Zielinski,Mac"]
[Result "0-1"]
[WhiteElo "1558"]
[BlackElo "2096"]

1.d4 Nf6 2.c4 g6 3.Nc3 d5 4.cxd5 Nxd5 5.e4 Nxc3 6.bxc3 Bg7 7.Bc4 c5 8.Ne2 Nc6
9.Be3 O-O 10.O-O Qc7 11.Qd2 Rd8 12.Rac1 Qa5 13.Rfd1 Ne5 14.Bd3 Nxd3 15.Qxd3 Qxa2
16.Ra1 Qe6 17.d5 Qd6 18.Bf4 Be5 19.Bxe5 Qxe5 20.f4 Qc7 21.c4 Bg4 22.Rdb1 b6
23.g3 Bxe2 24.Qxe2 e6 25.Ra6 exd5 26.exd5 Re8 27.Qd3 Qd6 28.Rba1 Qf6 29.Kf2 Re7
30.Kf3 h5 31.h3 h4 32.g4 Rae8 33.R1a3 Qb2 34.Ra2 Qc1 35.R2a3 Qh1+ 36.Kf2 Qh2+
37.Kf3 Qg3+  0-1

[Event "XIV ch-Gdansk Int 2012"]
[Site "Gdansk POL"]
[Date "2012.07.27"]
[Round "7.12"]
[White "Gorniewicz,O"]
[Black "Kanarkiewicz,M"]
[Result "1-0"]
[WhiteElo "1961"]
[BlackElo "2079"]

1.d4 Nf6 2.c4 g6 3.Nc3 d5 4.cxd5 Nxd5 5.e4 Nxc3 6.bxc3 Bg7 7.Be3 c5 8.Bb5+ Nd7
9.Qd2 Qa5 10.Rb1 a6 11.Bxd7+ Bxd7 12.Ne2 Bb5 13.c4 Qxd2+ 14.Kxd2 Bxc4 15.Rxb7 cxd4
16.Nxd4 Bb5 17.Nxb5 O-O-O+ 18.Ke2 Kxb7 19.Na3 Bd4 20.Rb1+ Ka7 21.Bf4 e5 22.Bg5 Rb8
23.Rd1 Rb2+ 24.Rd2 Rc8 25.f3 Rc6 26.Be3 Rxd2+ 27.Bxd2 Bb2 28.Nb1 Rc4 29.Kd3 Ra4
30.Kc2 Ba1 31.Kb3 Rd4 32.Be3 Kb7 33.Bxd4 Bxd4 34.Kc4 Kc6 35.Nd2 Bg1 36.h3 Be3
37.Nb1 Bd4 38.Na3 h5 39.Nc2 Bc5 40.Ne1 a5 41.Nd3 Bd4 42.Nc1 h4 43.Ne2 Ba1
44.g3 hxg3 45.Nxg3 Bb2 46.Ne2 a4 47.Kb4 a3 48.Nc3 Bxc3+ 49.Kxc3 Kc5 50.Kb3 Kd4
51.Kxa3 Ke3 52.Kb4 Kxf3 53.a4 f5 54.exf5 gxf5 55.a5 e4 56.a6 e3 57.a7 e2
58.a8=Q+ Kf2 59.Qa7+ Kg2 60.Qe3  1-0

[Event "XIV ch-Gdansk Int 2012"]
[Site "Gdansk POL"]
[Date "2012.07.27"]
[Round "7.43"]
[White "Wozniak,Konrad"]
[Black "Garbowski,Jakub"]
[Result "1/2-1/2"]
[WhiteElo "1595"]
[BlackElo "1572"]

1.d4 Nf6 2.c4 g6 3.Nc3 d5 4.cxd5 Nxd5 5.e4 Nxc3 6.bxc3 Bg7 7.Nf3 O-O 8.Be2 c5
9.Be3 Nc6 10.O-O Qa5 11.Qb3 cxd4 12.cxd4 e6 13.Rac1 Qb4 14.Qc4 Bd7 15.Rfd1  1/2-1/2

[Event "21st Kavala Open A"]
[Site "Kavala GRE"]
[Date "2012.07.27"]
[Round "4"]
[White "Jankovic,A"]
[Black "Gupta,Ab"]
[Result "0-1"]
[WhiteElo "2543"]
[BlackElo "2627"]

1.d4 Nf6 2.c4 g6 3.Nc3 d5 4.cxd5 Nxd5 5.e4 Nxc3 6.bxc3 Bg7 7.Be3 c5 8.Rc1 Qa5
9.Qd2 cxd4 10.cxd4 Qxd2+ 11.Bxd2 O-O 12.Nf3 e6 13.h4 Nc6 14.e5 Rd8 15.Bg5 Re8
16.Be3 h6 17.Bd3 Bd7 18.Rb1 Na5 19.Nd2 Bc6 20.Ne4 Nc4 21.Ke2 Bd5 22.Rhc1 Rec8
23.Nf6+ Bxf6 24.exf6 h5 25.Bf4 Na3 26.Rxc8+ Rxc8 27.Rc1 Rxc1 28.Bxc1 Nc4
29.a4 Nb6 30.a5 Nd7 31.f3 Nxf6 32.Ba3 Bc6 33.Bc5 a6 34.Kd2 Nd7 35.Bd6 Kg7
36.Be7 Bd5 37.Bc2 b5 38.axb6 Nxb6 39.Bd3 Bc4 40.Be4 Bb5 41.Kc3 f5 42.Bb7 Kf7
43.Bd8 Nc4 44.f4 Ke8 45.Bc7 Kd7 46.Bb8 Na5 47.Bf3 Nc6 48.Be5 Ne7 49.g3 Bc6
50.Be2 Nd5+ 51.Kb3 a5 52.Bg7 a4+ 53.Kb2 Kc7 54.Be5+ Kb6 55.Bc4 Ne3 56.Bxe6 Bd5
57.Bd7 Nc4+ 58.Ka1 a3 59.Bf6 Kc7 60.Ba4 Nb6 61.Be8 Nc4 62.Bxg6 Ne3  0-1

[Event "27th Avoine Open"]
[Site "Avoine FRA"]
[Date "2012.07.28"]
[Round "8.39"]
[White "Mattheys,E"]
[Black "Ollier,M"]
[Result "0-1"]
[WhiteElo "1940"]
[BlackElo "2157"]

1.d4 Nf6 2.c4 g6 3.Nc3 d5 4.cxd5 Nxd5 5.e4 Nxc3 6.bxc3 Bg7 7.Be3 O-O 8.Bc4 c5
9.Ne2 Nc6 10.Rb1 Qc7 11.Bb3 Rd8 12.O-O b6 13.Bd5 e6 14.Bxc6 Qxc6 15.Ng3 Ba6
16.Re1 cxd4 17.cxd4 Qd6 18.Qa4 Bd3 19.e5 Qd5 20.Rbc1 a5 21.Ne2 b5 22.Qa3 Bc4
23.Nc3 Qc6 24.Nb1 Qb7 25.Qb2 Rdc8 26.Na3 Bd5 27.Rxc8+ Rxc8 28.Rc1 Rxc1+ 29.Bxc1 b4
30.Nc2 Bxg2 31.Ne3 Bh3 32.Qe2 Qe4  0-1

[Event "23rd Czech Open A"]
[Site "Pardubice CZE"]
[Date "2012.07.28"]
[Round "9.75"]
[White "Schepetkova,M"]
[Black "Kobo,Ori"]
[Result "0-1"]
[WhiteElo "2181"]
[BlackElo "2226"]

1.d4 Nf6 2.c4 g6 3.Nc3 d5 4.cxd5 Nxd5 5.e4 Nxc3 6.bxc3 Bg7 7.Be3 c5 8.Qd2 Qa5
9.Nf3 Nc6 10.Rc1 cxd4 11.cxd4 Qxd2+ 12.Kxd2 O-O 13.d5 Rd8 14.Bd3 Nb4 15.Bd4 Bh6+
16.Be3 Bxe3+ 17.Kxe3 Nxd3 18.Kxd3 e6 19.Kc4 exd5+ 20.exd5 Bf5 21.Rhe1 Be4
22.Rxe4 Rac8+ 23.Kb4 Rxc1 24.Rd4 Rb1+ 25.Kc5 b6+ 26.Kc6 Rc1+ 27.Kb7 Rd7+
28.Kb8 f6 29.Nd2 Kf8 30.Nc4 b5 31.Na5 Re1 32.Kc8 Rf7 33.Nc6 Re8+ 34.Nd8 Kg7
35.d6 Rff8  0-1

[Event "30th Andorra Open"]
[Site "Erts-La Massana AND"]
[Date "2012.07.29"]
[Round "9.7"]
[White "Peralta,Fe"]
[Black "Demuth,A"]
[Result "1/2-1/2"]
[WhiteElo "2602"]
[BlackElo "2460"]

1.d4 Nf6 2.c4 g6 3.Nc3 d5 4.cxd5 Nxd5 5.e4 Nxc3 6.bxc3 Bg7 7.Bc4 c5 8.Ne2 O-O
9.O-O Nc6 10.Be3 Qc7 11.Rc1 b6 12.Bf4 e5 13.Bg3 Bb7 14.Bd3 cxd4 15.cxd4 Qe7
16.d5 Nb4 17.Bc4 Rac8 18.Qd2 Na6 19.f3 Nc5 20.Bf2 Qd6 21.Ng3 Rc7 22.Rc2 Rfc8
23.Rfc1 a6 24.Be3 f6 25.Be2 Nd7 26.h4 Bf8 27.Rxc7 Rxc7 28.Rxc7 Qxc7 29.h5 Bd6
30.Nf1 f5 31.hxg6 hxg6 32.exf5 gxf5 33.Bf2 f4 34.Qd3 Bc5 35.Qg6+ Kf8 36.Qf5+ Ke7
37.Qe6+ Kd8 38.Qg8+ Ke7 39.Qe6+ Kd8 40.Qg8+ Ke7 41.Qe6+  1/2-1/2

[Event "Washington International 2012"]
[Site "Rockville USA"]
[Date "2012.07.29"]
[Round "4.1"]
[White "Gareev,T"]
[Black "Sarkar,J"]
[Result "1/2-1/2"]
[WhiteElo "2658"]
[BlackElo "2396"]

1.d4 Nf6 2.c4 g6 3.Nc3 d5 4.cxd5 Nxd5 5.e4 Nxc3 6.bxc3 Bg7 7.Be3 c5 8.Qd2 cxd4
9.cxd4 Nc6 10.Bb5 O-O 11.Ne2 Bd7 12.Rc1 a6 13.Bd3 b5 14.O-O Rc8 15.Rc3 Bg4
16.e5 Bxe2 17.Bxe2 Qd7 18.Rfc1 e6 19.a4 Ne7 20.Rxc8 Rxc8 21.Rxc8+ Qxc8 22.axb5 axb5
23.Bxb5 Qb7 24.Bd3 h5 25.Bg5 Nd5 26.Be4 Qb3 27.h3 Bf8 28.Bxd5 Qxd5 29.Qf4 Qd7
30.Bf6 Kh7 31.Kh2 Bh6 32.Qe4 Qd5 33.Qh4 Bd2 34.Be7 Kg8 35.Bc5 Ba5 36.Qe7 Qd8
37.Qa7 Bc3 38.Qa4 Kg7 39.g3 Be1 40.Kg1 Qd5 41.Qa3 Qe4 42.Bf8+ Kg8 43.Bh6 Kh7
44.Qf8 Bxf2+ 45.Kxf2 Qc2+ 46.Ke1 Qe4+ 47.Kd1 Qf3+ 48.Kd2 Qg2+ 49.Kc3 Qf3+
50.Kb2 Qe2+ 51.Kc3 Qf3+ 52.Kb4 Qb7+ 53.Kc4 Qd5+ 54.Kd3 Qb3+ 55.Ke2 Qc4+ 56.Ke1 Qc3+
57.Bd2 Qxg3+ 58.Kd1 Qf3+ 59.Kc1 Qh1+ 60.Kb2 Qb7+ 61.Qb4 Qg2 62.Qc3 Qb7+ 63.Kc2 Qe4+
64.Qd3 Qc6+ 65.Kd1 Qh1+ 66.Be1 Qg2 67.h4 Kg7 68.Qe3 Qb2 69.Bd2 Qa1+ 70.Bc1 Qa2
71.Qh6+ Kg8 72.Qf4 Qb3+ 73.Ke1 Qc3+ 74.Bd2 Qa1+ 75.Kf2 Qa2 76.Kg3 Qc4 77.Be3 Qd3
78.Qf3 Qa3 79.Kf4 Qe7 80.Qh1 Kg7 81.Kg3 Qc7 82.Qf3 Kh7 83.Kh3 Qd7 84.Qf6 Qb7
85.Kg3 Qa7 86.Qf3 Qc7 87.Qe4 Qd7 88.Qf3  1/2-1/2

[Event "21st Kavala Open A"]
[Site "Kavala GRE"]
[Date "2012.07.30"]
[Round "7"]
[White "Volkov,Sergey1"]
[Black "Akshayraj,K"]
[Result "1/2-1/2"]
[WhiteElo "2594"]
[BlackElo "2454"]

1.d4 Nf6 2.c4 g6 3.Nc3 d5 4.cxd5 Nxd5 5.e4 Nxc3 6.bxc3 Bg7 7.Be3 c5 8.Qd2 cxd4
9.cxd4 Nc6 10.Rd1 O-O 11.Ne2 Na5 12.Nf4 Bd7 13.e5 Rc8 14.Qb4 Rc2 15.a3 Nc6
16.Qa4 Rb2 17.Qc4 Qa5+ 18.Bd2 Qxa3 19.Nd3 Be6 20.Qc1 Ra2 21.Qxa3 Rxa3 22.Be3 Bb3
23.Rc1 Rd8 24.Nc5 Nb4 25.Nxb3 Rxb3 26.Bc4 Nd3+ 27.Bxd3 Rxd3 28.Ke2 Rb3 29.Rc7 Bf8
30.Rhc1 Kg7 31.Rc8 Rxc8 32.Rxc8 a5 33.d5 Rb5 34.Rd8 e6 35.Bg5 Rxd5 36.Bf6+ Kg8
37.Ra8 Rd7 38.Rxa5 Rc7 39.Ra8 b5 40.g4 h6 41.h4 b4 42.Rb8 b3 43.f4 b2 44.Rxb2 Bg7
45.Kd3 Kh7 46.Kd4 Rd7+ 47.Ke4 Ra7 48.Rb4 Rd7 49.Ra4 Kg8 50.Ra2 Kh7 51.h5 Bxf6
52.exf6 gxh5 53.gxh5 Rd5 54.Rg2 Rxh5 55.Rg7+ Kh8 56.Rxf7 Rf5  1/2-1/2

[Event "Tabor Open 2012"]
[Site "Tabor CZE"]
[Date "2012.07.30"]
[Round "3.19"]
[White "Milostny,M"]
[Black "Krcal,M"]
[Result "0-1"]
[WhiteElo "1955"]
[BlackElo "2130"]

1.d4 Nf6 2.c4 g6 3.Nc3 d5 4.cxd5 Nxd5 5.e4 Nxc3 6.bxc3 Bg7 7.Bc4 c5 8.Be3 O-O
9.Ne2 Nc6 10.O-O Na5 11.Bd3 Qc7 12.Rc1 b6 13.f3 Bb7 14.Qe1 Rfd8 15.Qf2 Rac8
16.Rfd1 cxd4 17.cxd4 Qd7 18.d5 e6 19.dxe6 Qxe6 20.Rxc8 Qxc8 21.Bd4 Bxd4 22.Nxd4 Qd7
23.Nc2 Qa4 24.Ne3 Bc8 25.Qc2 Qa3 26.Nd5 Be6 27.Ba6 Kg7 28.Rd3 Qc5+ 29.Qxc5 bxc5
30.Ra3 Nc6 31.Bb5 Bxd5 32.exd5 Nb4 33.Rc3 Nxa2 34.Rxc5 Nb4 35.Rc4 a5 36.Rc5 Rb8
37.Bc6 Nd3 38.Rb5 Rxb5 39.Bxb5 Nb4 40.d6 Kf6 41.Kf2 Ke6 42.d7 Ke7 43.Ke3 Nd5+
44.Kd4 Nb6 45.Kc5 Nxd7+ 46.Kc6 f5 47.Ba4 Ne5+ 48.Kb6 Nd3 49.Kxa5 Ne1 50.Kb4 Nxg2
51.Kc4 Kf6 52.Kd3 Kg5 53.Ke2 Kf4 54.Kf2 Nh4 55.Bc6 g5 56.Bd5 Ng6 57.Bb7 Ne5
58.Bd5 h5 59.Bb7 g4 60.fxg4 hxg4 61.Bd5 Ng6 62.Bf7 Ne7 63.Bc4 Nc8 64.Bd5 Nd6
65.Bc6 Ne4+ 66.Ke2 Ke5 67.Bd7 Kf6 68.Ke3 Nc5 69.Bc6 Kg5 70.Kf2 f4 71.Bd5 Kh4
72.Kg2 Nd3 73.Be4 f3+ 74.Kf1 Ne5 75.Kf2 Kh3 76.Kg1 Nc4  0-1

[Event "Politiken Cup 2012"]
[Site "Helsingor DEN"]
[Date "2012.08.01"]
[Round "6.6"]
[White "Sokolov,Ivan"]
[Black "Bulski,K"]
[Result "1-0"]
[WhiteElo "2676"]
[BlackElo "2554"]

1.d4 Nf6 2.c4 g6 3.Nc3 d5 4.cxd5 Nxd5 5.e4 Nxc3 6.bxc3 Bg7 7.Be3 c5 8.Qd2 O-O
9.Nf3 Qa5 10.Rc1 Rd8 11.d5 e6 12.Bg5 Re8 13.d6 Bd7 14.h4 h5 15.Bh6 Bc6 16.Bxg7 Kxg7
17.Ne5 Qa4 18.Bd3 f6 19.Bc2 Qa5 20.Nxc6 Nxc6 21.Rb1 b5 22.f4 Rad8 23.Rh3 a6
24.a4 c4 25.axb5 axb5 26.Rg3 Kf7 27.e5 f5 28.Bd1 Qb6 29.Kf1 Na5 30.Ba4 Nb3
31.Bxb3 cxb3 32.Rxb3 Ra8 33.Rb1 Ra4 34.Rd3 Rea8 35.d7 Ra2 36.d8=Q Rxd8 37.Rxd8 Rxd2
38.Rxd2 Qc6 39.Rbd1 Kg7 40.Rd8  1-0

[Event "Washington International 2012"]
[Site "Rockville USA"]
[Date "2012.08.01"]
[Round "9"]
[White "Zenyuk,I"]
[Black "Prieto,E"]
[Result "0-1"]
[WhiteElo "2242"]
[BlackElo "2104"]

1.d4 Nf6 2.c4 g6 3.Nc3 d5 4.cxd5 Nxd5 5.e4 Nxc3 6.bxc3 Bg7 7.Rb1 O-O 8.Nf3 c5
9.Be2 Nc6 10.d5 Ne5 11.Nxe5 Bxe5 12.Qd2 e6 13.f4 Bg7 14.O-O exd5 15.exd5 b6
16.c4 Bd4+ 17.Kh1 Bf5 18.Bd3 Re8 19.Qc2 Qf6 20.a4 Re7 21.a5 Rae8 22.axb6 axb6
23.Bxf5 gxf5 24.Rb3 Re1 25.Rf3 R8e2 26.Qd3 Kf8 27.h3 Qg6 28.g4 Qh6 29.Rxe1 Rxe1+
30.Rf1 Re3 31.Bxe3  0-1

[Event "45th Biel Masters Open"]
[Site "Biel SUI"]
[Date "2012.08.02"]
[Round "10"]
[White "Wen Yang"]
[Black "Le Roux,JP"]
[Result "1-0"]
[WhiteElo "2569"]
[BlackElo "2559"]

1.d4 Nf6 2.c4 g6 3.Nc3 d5 4.cxd5 Nxd5 5.e4 Nxc3 6.bxc3 Bg7 7.Be3 O-O 8.Qd2 c5
9.Rc1 Qa5 10.Nf3 Nd7 11.d5 b5 12.Bd3 Rd8 13.c4 b4 14.O-O Qb6 15.Bg5 Re8 16.Bc2 Qa6
17.Bb3 Bb7 18.Bf4 e5 19.Be3 Rec8 20.Ne1 Qd6 21.Nd3 f5 22.f3 f4 23.Bf2 a5
24.Qd1 g5 25.a3 Bf8 26.Ba4 Nb6 27.Bb5 Qf6 28.axb4 axb4 29.Nxb4 cxb4 30.c5 Ra5
31.Qd3 Ra3 32.Qd2 Rc3 33.c6 Bxc6 34.dxc6 R8xc6 35.Bxc6 Qxc6 36.Rxc3 bxc3
37.Qc2 Bc5 38.Bxc5 Qxc5+ 39.Kh1 Qb4 40.Rb1 Qd4 41.Qb3+  1-0

[Event "CECLUB 1st Div GpB 2012"]
[Site "Don Benito ESP"]
[Date "2012.08.02"]
[Round "4"]
[White "Bolado Saez,S"]
[Black "Ramirez Diaz,J"]
[Result "1-0"]
[WhiteElo "2386"]
[BlackElo "2151"]

1.d4 g6 2.c4 Nf6 3.Nc3 d5 4.cxd5 Nxd5 5.e4 Nxc3 6.bxc3 Bg7 7.Bc4 c5 8.Ne2 O-O
9.Be3 Nc6 10.Rc1 Bd7 11.h4 cxd4 12.cxd4 Qa5+ 13.Kf1 h5 14.Nf4 e6 15.e5 Ne7
16.Bb3 Bc6 17.Rh3 Rfd8 18.Kg1 Bxe5 19.Bd2 Rxd4 20.Bxa5 Rxd1+ 21.Rxd1 Bxf4
22.Rhd3 Nd5 23.Be1 Kf8 24.g3 Bh6 25.Bc4 Ke8 26.Kh2 Bf8 27.Rc1 Bd6 28.f3 Ke7
29.Kh3 a6 30.Rb3 b5 31.Be2 Kd7 32.Bd2 Rb8 33.Rg1 Bc5 34.Rg2 Bd6 35.Rb1 b4
36.Bxa6 Nc3 37.Bxc3 bxc3 38.Rc1 Bxf3 39.Rf2 Bg4+ 40.Kg2 Rb2 41.Rxc3 Rxf2+
42.Kxf2 e5 43.Bc8+ Ke7 44.Bxg4 hxg4 45.a4 f5 46.Rc4 Ke6 47.a5 Kd5 48.Rc8 Bc5+
49.Kf1 Bd4 50.a6 Bb6 51.Rg8 Ke4 52.Rxg6 Bd4 53.Kg2 Ke3 54.Rd6 Ba7 55.Rd7 Ke2
56.Rxa7 f4 57.gxf4 exf4 58.Re7+  1-0

[Event "Tabor Open 2012"]
[Site "Tabor CZE"]
[Date "2012.08.02"]
[Round "6.35"]
[White "Marikova,J"]
[Black "Gruber,Mil"]
[Result "1-0"]
[WhiteElo "1899"]
[BlackElo "1983"]

1.d4 Nf6 2.c4 g6 3.Nc3 d5 4.cxd5 Nxd5 5.e4 Nxc3 6.bxc3 Bg7 7.Bc4 c5 8.Ne2 O-O
9.O-O Nc6 10.Be3 cxd4 11.cxd4 b6 12.Rc1 Bb7 13.Qd2 Rc8 14.Rfd1 Qd7 15.Bh6 Na5
16.Bxg7 Nxc4 17.Qh6 Rfd8 18.d5 f6 19.Rd3 e5 20.Bxf6 Rf8 21.Bh4 Nd6 22.f3 Rxc1+
23.Nxc1 Ba6 24.Rc3 Nxe4 25.Rc6 Nd6 26.Qg5 Nf5 27.Nb3 Qxd5 28.Rc1 Bc4 29.Rb1 a5
30.Bf2 Rd8 31.Re1 a4 32.Nc1 b5 33.Rxe5 Qd2 34.Re8+ Kf7 35.Qxd8 Qxc1+ 36.Re1 Qc3
37.g4 Qxf3 38.gxf5 Bd5 39.Re7+  1-0